ARRUPE JESUIT UNIVERSITY

CORONAVIRUS -STOP THE SPREAD - CLEAN,DISINFECT,COVER

The passion of Michel Foucault / (Record no. 123269)

MARC details
000 -LEADER
fixed length control field 00821cam a2200253 a 4500
001 - CONTROL NUMBER
control field 2052457
003 - CONTROL NUMBER IDENTIFIER
control field ARRUPE
005 - DATE AND TIME OF LATEST TRANSACTION
control field 20150911085619.0
008 - FIXED-LENGTH DATA ELEMENTS--GENERAL INFORMATION
fixed length control field 930929r19941993nyu b 001 0 eng
010 ## - LIBRARY OF CONGRESS CONTROL NUMBER
LC control number 93039069
020 ## - INTERNATIONAL STANDARD BOOK NUMBER
International Standard Book Number 0385472404 :
Terms of availability $14.95 ($19.95 Can.)
040 ## - CATALOGING SOURCE
Original cataloging agency DLC
Transcribing agency DLC
Modifying agency DLC
050 10 - LIBRARY OF CONGRESS CALL NUMBER
Classification number B2430.F724
Item number M554 1994
082 00 - DEWEY DECIMAL CLASSIFICATION NUMBER
Classification number 194
Edition number 20
300 ## - PHYSICAL DESCRIPTION
Dimensions 20 cm.
100 1# - MAIN ENTRY--PERSONAL NAME
Personal name Miller, James
Dates associated with a name 1947-
9 (RLIN) 19418
245 14 - TITLE STATEMENT
Title The passion of Michel Foucault /
Statement of responsibility, etc James Miller.
260 ## - PUBLICATION, DISTRIBUTION, ETC. (IMPRINT)
Place of publication, distribution, etc London :
Name of publisher, distributor, etc Flamingo,
Date of publication, distribution, etc [1994]
300 ## - PHYSICAL DESCRIPTION
Extent 491 p. ;
504 ## - BIBLIOGRAPHY, ETC. NOTE
Bibliography, etc .
600 10 - SUBJECT ADDED ENTRY--PERSONAL NAME
Personal name Foucault, Michel,
Dates associated with a name 1926-1984.
9 (RLIN) 19419
906 ## - LOCAL DATA ELEMENT F, LDF (RLIN)
a 7
b cbc
c orignew
d 1
e ocip
f 19
g y-gencatlg
942 ## - ADDED ENTRY ELEMENTS (KOHA)
Source of classification or shelving scheme Library of Congress Classification
Koha item type Monograph ( Printed materials)
Holdings
Withdrawn status Lost status Source of classification or shelving scheme Damaged status Not for loan Collection code Home library Current library Shelving location Date acquired Total Checkouts Full call number Barcode Date last seen Price effective from Koha item type
    Library of Congress Classification     Main Collection ARRUPE LIBRARY ARRUPE LIBRARY Main Collection 08/09/2015   B2430.F724 M554 1994 46500003926 08/09/2015 08/09/2015 Monograph ( Printed materials)

 

Arrupe Library. PO Box MP320 Mt Pleasant, Harare, Zimbabwe
263 242 745411|librarian@aju.ac.zw